| 000 | 00453nam a2200169Ia 4500 | ||
|---|---|---|---|
| 008 | 230714s9999 xx 000 0 und d | ||
| 020 | _a9790000000000 | ||
| 041 | _aeng | ||
| 082 |
_a005.75'8 _bJAI |
||
| 100 | _aJain S. | ||
| 245 | _aModeling And Simulation Using MATLAB-Simulink | ||
| 260 | _bWiley India | ||
| 300 |
_a658 _cWith CD |
||
| 365 |
_cRs. _b479.00 |
||
| 700 | _aJain S. | ||
| 906 |
_dO:0312822-Nov-2012B:328301-Nov-2012 _cME ETC _b598.75 |
||
| 999 |
_c207202 _d207202 |
||